| 000 | 00985nam a22002297a 4500 | ||
|---|---|---|---|
| 005 | 20140820020003.0 | ||
| 008 | 130506q2011 ck ao gr 00010 spa d | ||
| 015 | _ack-2011-xxxx | ||
| 020 | _a9789588317700 | ||
| 041 | 0 | _aspa | |
| 043 | _as-ck--- | ||
| 082 | 0 | 4 |
_a333.75 _bS65m |
| 245 | 0 | 0 |
_aMonitoreo de los bosques y otras coberturas de la Amazonia colombiana, a escala 1:100.000 : _bcambios multitemporales en el período 2002 al 2007 / _cUriel Gonzalo Murcia García ... [et al.]. |
| 260 |
_aBogotá : _bInstituto Amazónico de Investigaciones Científicas. Sinchi : _bMinisterio de Ambiente y Desarrollo Territorial, _c2011. |
||
| 300 |
_a225 p. : _bil. ; _c28 cm. |
||
| 504 | _aIncluye bibliografía. | ||
| 650 | 4 |
_aBosques _z Amazonas (Región, Colombia) _x Monitoreo. _924161 |
|
| 650 | 4 |
_aConservación de bosques _z Amazonas (Región, Colombia) _x Monitoreo. _924162 |
|
| 700 | 1 |
_aMurcia García, Uriel Gonzalo. _9663 |
|
| 942 |
_2ddc _cCD-ROM _01 |
||
| 949 | _a | ||
| 999 |
_c7398 _d7398 |
||